František Kobliha. Grafika

Bibliographic Details
Main Authors: Kobliha, František, 1877-1962 (Author), Urban, Otto M., 1967- (Author), Krejčí, František (Author)
Other Authors: Bydžovská, Lenka, 1956- (tex), Rous, František, 1946- (Photographer)
Format: Book
Language:Czech
PhysicalDescription:[21] s. 29 cm
Published: Roudnice n. L. Oblastní galerie výtvarného umění 1990
ISBN:8085053020

MARC

LEADER 00000nam a2200000 a 4500
001 vtls001194706
003 SK-MaSNL
005 20260301233952.0
008 250414s1990 CS 0 cze
020 |a 8085053020 
035 |a SNK000137775 
040 |a SNK  |b slo  |c SNK  |e AACR2 
041 0 |a cze 
044 |a [CS] 
080 |a 76(437.1)(083.81)  |2 1981 
100 1 |a Kobliha, František,  |d 1877-1962  |4 aut  |9 118703 
245 1 0 |a František Kobliha. Grafika  |c František Kobliha - o ňom ; Text: Lenka Bydžovská, Otto M. Urban ; Fotogr. František Rous, František Krejčí 
260 |a Roudnice n. L.  |b Oblastní galerie výtvarného umění  |c 1990 
300 |a [21] s.  |c 29 cm 
500 |a p. aj: Bydžovská, Lenka; Urban, Otto M.; Rous, František; Krejčí, František 
700 1 |a Bydžovská, Lenka,  |d 1956-  |4 tex  |9 235898 
700 1 |a Urban, Otto M.,  |d 1967-  |4 aut  |9 218989 
700 1 |a Rous, František,  |d 1946-  |4 pht  |9 131685 
700 1 |a Krejčí, František  |4 aut  |9 393773 
852 |a Slovenská národná knižnica 
919 |a 80-85053-02-0 
954 |a Kobliha, František  |a grafika 
958 |a OND 
999 |c 968340  |d 970270 
952 |t P60, <04>, [BOOK], {604}  |a SNK  |b SNK  |y VYP  |7 0  |p 17A0397753  |o snkOIB 2017  |i snkKIP 10216/91  |0 0  |1 0  |4 0  |d 2003-10-03  |l 0  |r 2005-01-01 00:00:00  |w 2026-02-24